Kenneth Branagh Movies by Picture - Statistics

General Stats
  • This quiz has been taken 96 times
    94 since last reset
  • The average score is 6 of 16
Answer Stats
Picture Answer % Correct
Harry Potter and the Chamber of Secrets
93%
Murder on the Orient Express
76%
Dunkirk
65%
Death on the Nile
52%
Henry V
51%
Much Ado About Nothing
42%
Othello
42%
Hamlet
40%
Oppenheimer
33%
A Haunting in Venice
26%
Tenet
20%
Frankenstein
18%
Valkyrie
18%
Wild Wild West
17%
Good Morning England
2%
The Ryan Initiative
2%
No matching quizzes found
Score Distribution
Percent of People with Each Score
Percentile by Number Answered
Your Score History
You have not taken this quiz since the last reset